000 00954nam a22002777a 4500
005 2011080406576.0
008 090728t xxu||||| |||| 00| 0 pun d
010 _aPUN-6944
020 _c150.00
_a9788179144145
035 _aPN-6062
037 _bDBAD / PUB
040 _adpl
_bpn
082 _a851
100 _924414
_aਰਾਜ ਜ਼ਖਮੀ
245 _aਯਾਦਾਂ ਦਾ ਵਣਜਾਰਾ /
_cਰਾਜ ਜ਼ਖਮੀ
246 _aYadan da vanjara
_bby Raj Zakhmi
260 _aChandigarh
_bTarlochan Publishers
_c2011
270 _a3236, Sector-15-D,
_bChandigarh
_k0172-4613236
300 4 _a112 ਸਫੇ
_c22ਸੇਮੀ (ਸਜਿਲੱਦ)
600 _931401
650 _924412
650 _924431
700 _931690
942 _2ddc
_cPN
_h851
_mਰਾਜਜ਼
999 _c55106
_d55106